Les explorateurs genevois des Alpes (Record no. 164839)

MARC details
000 -LEADER
campo de control de longitud fija 00830nam a22001815i 4500
001 - NÚMERO DE CONTROL
campo de control 164839
003 - IDENTIFICADOR DE NÚMERO DE CONTROL
campo de control ES-MaACL
005 - FECHA Y HORA DE LA ÚLTIMA TRANSACCIÓN
campo de control 20230906213022.0
008 - DATOS DE LONGITUD FIJA--INFORMACIÓN GENERAL
campo de control de longitud fija 050810s1879 xx | |||||||| ||fre d
040 ## - FUENTE DE CATALOGACIÓN
Centro catalogador/agencia de origen CAM
Lengua de catalogación spa
Centro/agencia transcriptor CAM
100 1# - ENTRADA PRINCIPAL--NOMBRE DE PERSONA
Nombre de persona Saussure, Henri de.
9 (RLIN) 104018
245 14 - MENCIÓN DEL TÍTULO
Título Les explorateurs genevois des Alpes
Resto del título : tiré du Compte rendu de la XV\pme\s Assemblée générale du Club alpin suisse, à Genevè en Août 1879.
260 ## - PUBLICACIÓN, DISTRIBUCIÓN, ETC.
Lugar de publicación, distribución, etc. [S.l. :
Nombre del editor, distribuidor, etc. s.n.,
Fecha de publicación, distribución, etc. s.a.]
300 ## - DESCRIPCIÓN FÍSICA
Extensión 30 p. ;
Dimensiones 19 cm.
594 ## - Nota al título y mención de responsabilidad
Nota al título y mención de responsabilidad En pag. 1 consta " Discours d'ouverture prononcé le 3 Aout a l'Assemblée Générale du Club Alpin Suisse par Henri de Saussure.
651 #4 - PUNTO DE ACCESO ADICIONAL DE MATERIA--NOMBRE GEOGRÁFICO
Nombre geográfico Alpes-
Subdivisión general Descubrimientos y exploraciones.
9 (RLIN) 137028
852 ## - LOCALIZACIÓN
Ubicación ES-MaACL
Número de control de estantería T-912-F-4
Nota libre -- Enc. hol.
-- -- Legado de Federico de Botella y de Hornos
-- -- Enc. en un vol. facticio
Holdings
Estatus retirado Estado de pérdida Estado de daño No para préstamo Colección Biblioteca de origen Biblioteca actual Ubicación en estantería Fecha de adquisición Total de préstamos Signatura topográfica completa Código de barras Visto por última vez Precio de reemplazo Tipo de ítem Koha
        Colección de folletos Biblioteca del Ateneo de Madrid Biblioteca del Ateneo de Madrid Depósito folletos 17/01/2008   T-912-F-4 1172799 23/02/2023 23/02/2023 Folleto